Komunikácia projektu vo vybranom podniku diplomová práca

Salvato in:
Dettagli Bibliografici
Autore principale: Gašpieriková, Miriam
Ente Autore: Fakulta podnikového manažmentu EU. Katedra manažmentu
Altri autori: Matulčíková, Marta, 1964-
Natura: Libro
Lingua:slovacco
Pubblicazione: Bratislava 2025
Tags: Aggiungi Tag
Nessun Tag, puoi essere il primo ad aggiungerne!!

MARC

LEADER 00000nbm a2200000 4500
001 0309855
005 20251217134902.6
041 0 |a slo 
044 |a SK 
245 1 0 |a Komunikácia projektu vo vybranom podniku  |b diplomová práca  |c Miriam Gašpieriková ; školiteľ: Marta Matulčíková 
264 1 |a Bratislava  |c 2025 
300 |a 65 s. 
100 1 |a Gašpieriková, Miriam 
700 1 |a Matulčíková, Marta, 1964- 
710 2 |a Fakulta podnikového manažmentu EU. Katedra manažmentu